000 004640000a22001570004500
003 MACL
005 20170823120959.0
008 170823b xxu||||| |||| 00| 0 eng d
040 _cmacl
100 _aऑलब्राइट ,लुइस
_968765
245 _aहेनरी फोर्ड
260 _aसंचार प्रकासन
_c2011
350 _a200
650 _aचिल्‍ड्रन बुृक
_9159
942 _cHIN
_k741.642
_2ddc
999 _c46673
_d46673